Statistics for Fullmetal Alchemist Brotherhood Quiz

Click here to take the quiz!

General Stats

  • This quiz has been taken 505 times
  • The average score is 11 of 15

Answer Stats

HintAnswer% Correct
Younger Elric BrotherAlphonse Elric
100%
Older Elric BrotherEdward Elric
100%
^ Automail Mechanic?Winry
96%
What Ed doesn't like to drink?Milk
95%
What is Edwards Alchemist name given to him?Fullmetal Alchemist
92%
Who takes over lings body?Greed
89%
Who is the first homonculus to die?Lust
89%
What is the name of the Ishvalan with an x on his forehead?Scar
89%
What is Winrys last name?Rockbell
80%
What kind of circle do alchemists use?Transmutation Circle
80%
What are the immortal creatures called?Homonculus
48%
What is Eds fathers name?Hoenheim
45%
What did Ed and Al go through?Portal of Truth
24%
What is the main ingredient of a philosophers stone?Human lives
22%
How do Ed and Al get their bodies back?Ed gives up his alchemy
2%

Score Distribution

Percentile by Number Answered

Percent of People with Each Score

Your Score History

You have not taken this quiz